- Zavala, Lorenzo de,
Entry Nombre Personal
001 - NUMERO DE CONTROL
- campo de control: 29522
003 - IDENTIFICADOR DE NUMERO DE CONTROL
- campo de control: UPN
005 - FECHA Y HORA DE LA ÜLTIMA TRANSACCIÓN
- campo de control: 20220808114741.0
008 - DATOS DE LONGITUD FIJA
- campo de control de longitud fija: nabaccnnaabn|||||||||| b |nc|||||d
010 ## - NÚMERO DE CONTROL DE LA BIBLIOTECA DEL CONGRESO
- Número de control LC: n 80061269
035 ## - NUMERO DE CONTROL
- Número de control: (OCoLC)oca00442948
040 ## - FUENTE DE CATALOGACIÓN
- Lenguaje de catalogación: spa
- Agencia de transcripción: DLC
- Agencia original de catalogación: DLC
- Agencia que lo modifica: DLC
- Agencia que lo modifica: CtY-BR
- Agencia que lo modifica: CtY-BR
- Agencia que lo modifica: OCoLC
- Agencia que lo modifica: KyU
- Agencia que lo modifica: OCoLC
- Agencia que lo modifica: MX-MxUPN
- Description conventions: rda
046 ## - FECHAS CON CODIFICACIÓN ESPECIAL
- Fuente del formato de fecha: edtf
- Fecha de nacimiento: 1788-10-03
- Fecha de muerte: 1836-11
100 1# - ENCABEZAMIENTO - NOMBRE PERSONAL
- Nombre personal: Zavala, Lorenzo de,
- Fechas asociadas con el nombre: 1788-1836
370 ## - LUGAR ASOCIADO
- Fuente del término: naf
- Place of birth: Mérida (México)
- Place of death: Texas
- Associated country: México
- Associated country: Estados Unidos
- Place of residence/headquarters: Texas
374 ## - OCUPACIÓN
- Fuente del término: lcsh
- Occupation: Gobernador
375 ## - GÉNERO
- Gender: masculino
377 ## - LENGUA ASOCIADA
- Language code: eng
400 1# - VEÁSE - NOMBRE DE PERSONA
- Personal name: Zavala y Sáenz, Manuel Lorenzo Justiniano de,
- Dates associated with a name: 1788-1836
400 1# - VEÁSE - NOMBRE DE PERSONA
- Personal name: Sáenz, Manuel Lorenzo Justiniano de Zavala y,
- Dates associated with a name: 1788-1836
400 1# - VEÁSE - NOMBRE DE PERSONA
- Personal name: De Zavala, Lorenzo,
- Dates associated with a name: 1788-1836
510 1# - MENCIÓN DE REFERENCIA “VÉASE ADEMÁS”- NOMBRE DE ENTIDAD CORPORTATIVA
- Corporate name or jurisdiction name as entry element: México (México : Estado).
- Subordinate unit: Gobernador (1827-1829 : Zavala)
510 1# - MENCIÓN DE REFERENCIA “VÉASE ADEMÁS”- NOMBRE DE ENTIDAD CORPORTATIVA
- Corporate name or jurisdiction name as entry element: México (México : Estado).
- Subordinate unit: Gobernador (1833 : Zavala)
670 ## - FUENTE EN LA QUE SE LOCALIZARON DATOS
- Cita de la fuente: Diccionario Porrúa de historia, biografía y geografía de México
- Información localizada: Venganza de la colonia
670 ## - FUENTE EN LA QUE SE LOCALIZARON DATOS
- Cita de la fuente: Gobernantes del estado de México : Múzquiz, Zavala, Olaguíbel, 1975: |
- Información localizada: página 36, etc. (Lorenzo de Zavala elected gobernador constitucional of the state of Mexico 8 Mar. 1827; transferred powers to José Ignacio Sotomayor upon becoming Ministro de Hacienda 16 April 1829; served again as gobernador constitucional for the state in 1833)
670 ## - FUENTE EN LA QUE SE LOCALIZARON DATOS
- Cita de la fuente: Meier, Matt S. Mexican American biographies, 1988:
- Información localizada: páginas 248-249 (Lorenzo de Zavala, political leader, physician. Born in Mérida, Yucatán on October 3, 1788, died November 1836. Federalist leader. Moved to Texas; was one of the co-authors of the Texas constitution. Died in Texas)
902 ## - CATALOGADOR
- Catalogador: DAA/110608
902 ## - CATALOGADOR
- Catalogador: NDAF/080822
